| 000 | 00491nam a2200169 a 4500 | ||
|---|---|---|---|
| 001 | BRCA_1386 | ||
| 005 | 20190320203414.0 | ||
| 008 | 730221s1971 mx-a---###---#000-0#spa-# | ||
| 050 | 4 |
_aN6550 _b.M38 _c1971 |
|
| 100 | 1 |
_aMaza, Francisco de la _d1913-1972 _9278 |
|
| 245 | 1 | 0 |
_aPáginas de arte y de historia _cFrancisco de la Maza. |
| 260 |
_aMéxico _bINAH _c1971 |
||
| 300 |
_a248 p. _bil. _c22 cm. |
||
| 440 | 0 |
_aHistoria _v25 _92385 |
|
| 650 | 1 | 4 |
_aArte mexicano _xHistoria _94535 |
| 942 |
_2lcc _cB |
||
| 999 |
_c1248 _d1248 |
||